Score 0/10 Timer 02:00
2 Plays Today
Capital % Correct
New Delhi, India
88.8%
Kathmandu, Nepal
87.9%
Islamabad, Pakistan
75%
Kabul, Afghanistan
62.4%
Dhaka, Bangladesh
59.6%
Thimphu, Bhutan
51.4%
Bishkek, Kyrgyzstan
43%
Dushanbe, Tajikistan
34.4%
Naypyidaw, Myanmar
30.9%
Vientiane, Laos
28.3%
Remove Ads.
Support Sporcle.
Get the best of Sporcle when you Go Orange. This ad-free experience offers more features, more stats, and more fun while also helping to support Sporcle. Thank you for becoming a member.

You're not logged in!

Compare scores with friends on all Sporcle quizzes.
OR
Log In

Show Comments

Extras

Top Quizzes Today


Score Distribution

Your Account Isn't Verified!

In order to create a playlist on Sporcle, you need to verify the email address you used during registration. Go to your Sporcle Settings to finish the process.

Report this User

Report this user for behavior that violates our Community Guidelines.

Details: